000 01216cam a2200157 4500500
005 20251214002023.0
041 _afre
042 _adc
100 1 0 _aPérigord, Michel
_eauthor
700 1 0 _aDonadieu, Pierre
_eauthor
700 1 0 _aBarraud, Régis
_eauthor
245 0 0 _aLe paysage : Entre natures et cultures
260 _bArmand Colin,
_c2012.
520 _aLe paysage naît de la rencontre des hommes et de la nature par l’intermédiaire de la culture. Il inspire les interventions qui produisent le cadre de vie ordinaire ou les sites remarquables. Il importe donc de savoir comment cette notion hybride s’est constituée dans l’histoire. Et comment l’usage social et politique en a transformé le sens. Les pays du Nord ont développé l’action paysagère dans une volonté de naturaliser le cadre de vie et de créer des paysages attractifs. Dans les pays du Sud, cette démarche n’est que balbutiante. Cette synthèse, qui relie le paysage aux actions qu’il fait naître, répond aux attentes des étudiants, des enseignants et des professionnels, tant aménageurs que géographes.
856 4 1 _uhttps://shs.cairn.info/le-paysage--9782200281366?lang=fr&redirect-ssocas=7080
999 _c1566684
_d1566684